Al filo de los ojos : Holanda / Juan Bautista Bertrán Holanda / Juan Bautista Bertrán
Descripción Física:
77 p. : il. ; 21 cm
Colección:
De trigo y voz provisto (Trimer) ; 12/13
MARC
| LEADER | 00000nam a2200000Ia 4500 | ||
|---|---|---|---|
| 001 | 17028 | ||
| 008 | 160829s9999 xx 000 0 cat d | ||
| 080 | |a L-2-62 | ||
| 100 | 1 | |a Bertrán, Juan Bautista, |d 1911-1985 |9 54743 | |
| 245 | |a Al filo de los ojos : |b Holanda / Juan Bautista Bertrán | ||
| 260 | |a Barcelona : |b Trimer, DL 1964 | ||
| 300 | |a 77 p. : |b il. ; |c 21 cm | ||
| 490 | |a De trigo y voz provisto (Trimer) ; 12/13 | ||
| 901 | |a Arxiu | ||
| 942 | |n 1 | ||
| 952 | |0 0 |1 0 |4 0 |6 L262 |7 1 |9 42534 |a Arxiu |b Arxiu |d 2016-12-01 |l 0 |o L-2-62 |p 17028 |r 2016-12-01 00:00:00 |w 2016-12-01 |y ARXIU | ||
| 999 | |c 45039 |d 45039 | ||